Dictionnaire historique et critique / (Registro nro. 30715)

Detalles MARC
000 -LEADER
campo de control de longitud fija 00766nam a2200229 i 4500
001 - NÚMERO DE CONTROL
campo de control 30715
003 - IDENTIFICADOR DE NÚMERO DE CONTROL
campo de control ES-MaACL
005 - FECHA Y HORA DE LA ÚLTIMA TRANSACCIÓN
campo de control 20240226211947.0
007 - CAMPO FIJO DE DESCRIPCIÓN FÍSICA--INFORMACIÓN GENERAL
campo de control de longitud fija t|
008 - DATOS DE LONGITUD FIJA--INFORMACIÓN GENERAL
campo de control de longitud fija 030127s1820 fr d |||| |cfre d
080 ## - NÚMERO DE LA CLASIFICACIÓN DECIMAL UNIVERSAL
Número de la Clasificación Decimal Universal 930.9(038)
080 ## - NÚMERO DE LA CLASIFICACIÓN DECIMAL UNIVERSAL
Número de la Clasificación Decimal Universal 929(100)(038)
100 1# - ENTRADA PRINCIPAL--NOMBRE DE PERSONA
Nombre de persona Bayle, Pierre.
9 (RLIN) 26673
245 10 - MENCIÓN DEL TÍTULO
Título Dictionnaire historique et critique /
Mención de responsabilidad, etc. de Pierre Bayle.
250 ## - MENCION DE EDICION
Mención de edición Nouvelle édition, augmentée de notes extraites de Chaufepié, Joly, La Monnoie, L.-J. Leclerc, Leduchat, Prosper Marchand, etc.
260 ## - PUBLICACIÓN, DISTRIBUCIÓN, ETC.
Lugar de publicación, distribución, etc. París :
Nombre del editor, distribuidor, etc. Desoer,
Fecha de publicación, distribución, etc. 1820 (
Fabricante Fain)
300 ## - DESCRIPCIÓN FÍSICA
Extensión 16 v. ;
Dimensiones 20 cm.
650 #4 - PUNTO DE ACCESO ADICIONAL DE MATERIA--TÉRMINO DE MATERIA
Término de materia o nombre geográfico como elemento de entrada Historia-
Subdivisión de forma Diccionarios.
9 (RLIN) 169408
650 #0 - PUNTO DE ACCESO ADICIONAL DE MATERIA--TÉRMINO DE MATERIA
Término de materia o nombre geográfico como elemento de entrada Biografías-
Subdivisión general Diccionarios
9 (RLIN) 222681
852 ## - LOCALIZACIÓN
Ubicación ES-MaACL
Número de control de estantería B-1067-82
Existencias
Estatus retirado Estado de pérdida Estado de daño No para préstamo Colección Biblioteca de origen Biblioteca actual Ubicación en estantería Fecha de adquisición Fuente de adquisición Total de préstamos Signatura topográfica completa Código de barras Visto por última vez Precio de reemplazo Tipo de ítem Koha
        Libros del s. XIX Biblioteca del Ateneo de Madrid Biblioteca del Ateneo de Madrid Sala Pardo Bazán 17/01/2008     B-1067-82 1031724 23/02/2023 23/02/2023 Libro impreso antiguo